MARC details
| 000 -CABECERA |
| campo de control de longitud fija |
02101nam a22003737a 4500 |
| 001 - NÚMERO DE CONTROL |
| campo de control |
978 |
| 003 - IDENTIFICADOR DEL NÚMERO DE CONTROL |
| campo de control |
OSt |
| 005 - FECHA Y HORA DE LA ÚLTIMA TRANSACCIÓN |
| campo de control |
20210707143347.0 |
| 007 - CAMPO FIJO DE DESCRIPCIÓN FÍSICA--INFORMACIÓN GENERAL |
| campo de control de longitud fija |
ta |
| 008 - DATOS DE LONGITUD FIJA--INFORMACIÓN GENERAL |
| campo de control de longitud fija |
210219e2020 dr |||||r|||| 001 0dspa d |
| 020 ## - NÚMERO INTERNACIONAL ESTÁNDAR DEL LIBRO |
| Número Internacional Estándar del Libro |
9789945909890 |
| 040 ## - FUENTE DE LA CATALOGACIÓN |
| Centro catalogador/agencia de origen |
DO-SdBNP |
| Lengua de catalogación |
spa |
| Centro/agencia transcriptor |
BNPHU |
| 041 ## - CÓDIGO DE LENGUA |
| Código de lengua original |
fre |
| 082 #4 - NÚMERO DE LA CLASIFICACIÓN DECIMAL DEWEY |
| Número de clasificación |
616.932 |
| Número de documento/Ítem |
S462L |
| Número de edición |
22 |
| 100 1# - ENTRADA PRINCIPAL--NOMBRE DE PERSONA |
| Nombre de persona |
Silva Seitenfus, Ricardo Antonio, |
| Fechas asociadas al nombre |
1948- |
| 9 (RLIN) |
77872 |
| 245 13 - MENCIÓN DE TÍTULO |
| Título |
La ONU y el cólera en Haití / |
| Mención de responsabilidad, etc. |
Ricardo Seitenfus ; traductor, Rosario Carcuro Leone |
| 260 ## - PUBLICACIÓN, DISTRIBUCIÓN, ETC. |
| Lugar de publicación, distribución, etc. |
Santo Domingo : |
| Nombre del editor, distribuidor, etc. |
Fundación Juan Bosch, |
| Fecha de publicación, distribución, etc. |
2020. |
| 300 ## - DESCRIPCIÓN FÍSICA |
| Extensión |
217 p. ; |
| Dimensiones |
22 cm. |
| 490 ## - MENCIÓN DE SERIE |
| Mención de serie |
La verdad en manos de los buenos |
| 500 ## - NOTA GENERAL |
| Nota general |
Incluye referencias bibliográficas y notas al pie de las paginas. |
| 500 ## - NOTA GENERAL |
| Nota general |
Incluye datos biográficos del autor en las solapas |
| 504 ## - NOTA DE BIBLIOGRAFÍA, ETC. |
| Nota de bibliografía, etc. |
Bibliografía: p. 209-214 |
| 505 2# - NOTA DE CONTENIDO CON FORMATO |
| Nota de contenido con formato |
Primer prefacio : La ONU procesada y condenada / |
| Mención de responsabilidad |
Mario Joseph -- |
| -- |
Jean-Hugues Henrys. |
| 505 2# - NOTA DE CONTENIDO CON FORMATO |
| Nota de contenido con formato |
Preámbulo. |
| 505 2# - NOTA DE CONTENIDO CON FORMATO |
| Nota de contenido con formato |
Presentación a la edición en español / |
| Mención de responsabilidad |
Matías Bosch Carcuro -- |
| Título |
Primer prefacio: La ONU procesada y condenada / |
| Mención de responsabilidad |
Mario Joseph |
| Título |
Segundo prefacio: Catástrofe y desinformación / |
| Mención de responsabilidad |
Dr. Jean-Hugues Henrys |
| Título |
Preámbulo -- |
| -- |
Introducción -- |
| -- |
1. Haití y el cólera -- |
| -- |
2. Los hechos -- |
| -- |
3. Las consecuencias -- |
| -- |
4. La impostura de las Naciones Unidas -- |
| -- |
Las operaciones de mantenimiento de la paz de Naciones Unidas y el derecho -- |
| -- |
La responsabilidad legal de Naciones Unidas -- |
| -- |
7. Las soluciones propuestas -- |
| -- |
Conclusiones -- |
| -- |
Anexos -- |
| -- |
Epílogo : la esperanza / |
| Mención de responsabilidad |
Brian Concannon Jr. |
| Título |
Bibliografía -- |
| -- |
Lista de siglas y abreviaciones. |
| 610 24 - PUNTO DE ACCESO ADICIONAL DE MATERIA--NOMBRE DE ENTIDAD CORPORATIVA |
| Nombre de entidad corporativa o nombre de jurisdicción como elemento de entrada |
United Nations Stabilization Mission in Haiti. |
| 9 (RLIN) |
79048 |
| 650 #4 - PUNTO DE ACCESO ADICIONAL DE MATERIA--TÉRMINO DE MATERIA |
| Término de materia o nombre geográfico como elemento de entrada |
Cólera |
| Subdivisión geográfica |
Haití |
| Subdivisión general |
Historia |
| Subdivisión cronológica |
Siglo XXI |
| 9 (RLIN) |
79049 |
| 650 #4 - PUNTO DE ACCESO ADICIONAL DE MATERIA--TÉRMINO DE MATERIA |
| Término de materia o nombre geográfico como elemento de entrada |
Cólera |
| Subdivisión general |
Aspectos políticos |
| Subdivisión geográfica |
Haití |
| Subdivisión general |
Historia |
| Subdivisión cronológica |
Siglo XXI |
| 9 (RLIN) |
79050 |
| 650 #4 - PUNTO DE ACCESO ADICIONAL DE MATERIA--TÉRMINO DE MATERIA |
| Término de materia o nombre geográfico como elemento de entrada |
Servicios médicos de urgencias |
| Subdivisión geográfica |
Haiti |
| Subdivisión general |
Cooperación internacional |
| 9 (RLIN) |
79051 |
| 700 1# - PUNTO DE ACCESO ADICIONAL--NOMBRE DE PERSONA |
| Nombre de persona |
Carcuro Leone, Rosario, |
| Término indicativo de función/relación |
tr. |
| 9 (RLIN) |
77873 |
| 830 ## - PUNTO DE ACCESO ADICIONAL DE SERIE-TÍTULO UNIFORME |
| Título uniforme |
La verdad en manos de los buenos |
| 9 (RLIN) |
79135 |
| 910 ## - DATOS DE OPCIÓN DEL USUARIO (OCLC) |
| Datos de opción del usuario |
Validado. Control de calidad MFF |
| 942 ## - ELEMENTOS DE PUNTO DE ACCESO ADICIONAL (KOHA) |
| Fuente del sistema de clasificación o colocación |
Dewey Decimal Classification |
| Tipo de ítem Koha |
Libro |